000
00301nam a2200133Ia 4500
008
231129s1967||||xx |||||||||||||| ||spa||
040
_b
spa
082
_a
891.73 T654mu
100
_a
Tolstoy León
245
0
_a
La muerte de ivan ilitch
260
_c
1967
264
_a
Juventud
942
_2
ddc
_c
BKS
999
_c
17662
_d
17662